KATSEYE - BEAUTIFUL CHAOS - Statistics

General Stats
  • This quiz has been taken 49 times
  • The average score is 5 of 5
Answer Stats
2025 BEAUTIFUL CHAOS % Correct
2 Gabriela
100%
1 Gnarly
100%
5 M.I.A
100%
4 Mean Girls
96%
3 Gameboy
94%
No matching quizzes found
Score Distribution
Percent of People with Each Score
Percentile by Number Answered
Your Score History
You have not taken this quiz